• 首页
  • 本馆介绍
  • 公告通知
  • 最新文献
  • 馆藏检索
  • 电子资源
  • 读者导购
  • 参考咨询
  • 我的图书馆
  • 登录
  • 详细信息显示
  • 放入我的书架
  • 预约/预借图书
  • 作者相关作品
  • 分类相关作品
  • 丛书相关作品
  • 出版社相关作品

书目信息

  • 表格格式
  • 工作单格式
  • 卡片格式
题名:
遂昌昆曲十番
    
 
作者: 张水源 主编 ;罗兆荣 编著
分册:  
出版信息: 杭州   浙江摄影出版社  2014
页数: 161页
开本: 23cm
丛书名: 浙江省非物质文化遗产代表作丛书
单 册:
中图分类: J821.9
科图分类:
主题词: 昆曲--介绍--遂昌县
电子资源:
ISBN: 978-7-5514-0489-1
000 00986nam 2200277 450
001 2349004434
005 20231216145659.02
010    @a978-7-5514-0489-1@dCNY44.00
100    @a20131226d2014 em y0chiy50 ea
101 0  @achi
102    @aCN@b330000
105    @aag a 000yy
200 1  @a遂昌昆曲十番@Asui chang kun qu shi fan@f张水源主编@g罗兆荣编著
210    @a杭州@c浙江摄影出版社@d2014
215    @a161页@c图, 乐谱@d23cm
225 0  @a浙江省非物质文化遗产代表作丛书@Azhe jiang sheng fei wu zhi wen hua yi chan dai biao zuo cong shu
300    @a第二批国家级非物质文化遗产浙江省项目
320    @a有书目
330    @a本书分析了遂昌昆曲在当地的存在情况, 同时介绍了它的音乐、乐器、曲牌存目以及传承、保护等情况。
410  0 @12001 @a浙江省非物质文化遗产代表作丛书
606 0  @a昆曲@x介绍@y遂昌县
690    @aJ821.9@v5
701  0 @a张水源@Azhang shui yuan@4主编
702  0 @a罗兆荣@Aluo zhao rong@4编著
801  0 @aCN@b湖北三新@c20140318
905    @aBZT@dJ821.9@e1
    
    遂昌昆曲十番/张水源主编/罗兆荣编著.-杭州:浙江摄影出版社,2014
    161页:图, 乐谱;23cm.-(浙江省非物质文化遗产代表作丛书)
    第二批国家级非物质文化遗产浙江省项目
    
    ISBN 978-7-5514-0489-1:CNY44.00
    本书分析了遂昌昆曲在当地的存在情况, 同时介绍了它的音乐、乐器、曲牌存目以及传承、保护等情况。
●
相关链接 在五车中查询图书 在当当中查询图书 在豆瓣中查询图书


正题名:遂昌昆曲十番     索取号:J821.9/1         预约/预借

序号 登录号 条形码 馆藏地/架位号 状态 备注
1 2001397471   2001397471   三新/湖北三新(第三批)/1255/ [索取号:J821.9/1] 在馆    
2 2001397472   2001397472   三新/湖北三新(第三批)/1255/ [索取号:J821.9/1] 在馆    
3 2001397473   2001397473   三新/湖北三新(第三批)/1255/ [索取号:J821.9/1] 在馆    
4 2001397474   2001397474   三新/湖北三新(第三批)/1255/ [索取号:J821.9/1] 在馆    
5 2001397475   2001397475   三新/湖北三新(第三批)/1255/ [索取号:J821.9/1] 在馆    
6 2001397476   2001397476   三新/湖北三新(第三批)/1255/ [索取号:J821.9/1] 在馆    
7 2001397477   2001397477   三新/湖北三新(第三批)/1255/ [索取号:J821.9/1] 在馆    
8 2001397478   2001397478   三新/湖北三新(第三批)/1255/ [索取号:J821.9/1] 在馆    
9 2001397479   2001397479   三新/湖北三新(第三批)/1255/ [索取号:J821.9/1] 在馆    
10 2001397480   2001397480   三新/湖北三新(第三批)/1255/ [索取号:J821.9/1] 在馆    
11 2001397481   2001397481   三新/湖北三新(第三批)/1255/ [索取号:J821.9/1] 在馆    
12 2001397482   2001397482   三新/湖北三新(第三批)/1255/ [索取号:J821.9/1] 在馆    
13 2001397483   2001397483   三新/湖北三新(第三批)/1255/ [索取号:J821.9/1] 在馆    
14 2001397484   2001397484   三新/湖北三新(第三批)/1255/ [索取号:J821.9/1] 在馆    
15 2001397485   2001397485   三新/湖北三新(第三批)/1255/ [索取号:J821.9/1] 在馆    
16 2001397486   2001397486   三新/湖北三新(第三批)/1255/ [索取号:J821.9/1] 在馆    
17 2001397487   2001397487   三新/湖北三新(第三批)/1255/ [索取号:J821.9/1] 在馆    
18 2001397488   2001397488   三新/湖北三新(第三批)/1255/ [索取号:J821.9/1] 在馆    
19 2001397489   2001397489   三新/湖北三新(第三批)/1255/ [索取号:J821.9/1] 在馆    
20 2001397490   2001397490   三新/湖北三新(第三批)/1255/ [索取号:J821.9/1] 在馆    
21 2001397491   2001397491   三新/湖北三新(第三批)/1255/ [索取号:J821.9/1] 在馆    
22 2001397492   2001397492   三新/湖北三新(第三批)/1255/ [索取号:J821.9/1] 在馆    
23 2001397493   2001397493   三新/湖北三新(第三批)/1255/ [索取号:J821.9/1] 在馆    
24 2001397494   2001397494   三新/湖北三新(第三批)/1255/ [索取号:J821.9/1] 在馆    
25 2001397495   2001397495   三新/湖北三新(第三批)/1255/ [索取号:J821.9/1] 在馆    
26 2001397496   2001397496   三新/湖北三新(第三批)/1255/ [索取号:J821.9/1] 在馆    
27 2001397497   2001397497   三新/湖北三新(第三批)/1255/ [索取号:J821.9/1] 在馆    
28 2001397498   2001397498   三新/湖北三新(第三批)/1255/ [索取号:J821.9/1] 在馆    
29 2001397499   2001397499   三新/湖北三新(第三批)/1255/ [索取号:J821.9/1] 在馆    
山东省滨州职业学院图书馆 欢迎您!
大连网信软件有限公司© 版权所有